[Event "EThessaloniki SSTH HALK-ch U16"]
[Site "Thessaloniki"]
[Date "2017.11.19"]
[Round "5.1"]
[White "Siomos, Simos"]
[Black "Kazakos, Markos"]
[Result "0-1"]
[WhiteElo "1000"]
[BlackElo "1975"]
[PlyCount "70"]
[EventDate "2017.10.01"]
[EventType "swiss"]
[EventRounds "6"]
[EventCountry "GRE"]
[SourceTitle "EXT 2024"]
[Source "ChessBase"]
[SourceDate "2023.10.10"]
[SourceVersion "1"]
[SourceVersionDate "2023.10.10"]
[SourceQuality "1"]

1. e4 g6 2. d4 Bg7 3. Nf3 d6 4. Bd3 Nf6 5. 0-0 0-0 6. Nc3 a6 7. b3 b5 8. Bb2 Bb7 9. Re1 Nc6 10. d5 Nb8 11. a4 b4 12. Na2 c6 13. dxc6 Nxc6 14. e5 Ng4 15. Rb1 dxe5 16. Be4 Qb6 17. Rf1 a5 18. h3 Rad8 19. Qe2 Ba6 20. Bd3 Bxd3 21. cxd3 Nf6 22. Nxe5 Nd4 23. Bxd4 Rxd4 24. Nf3 Rd5 25. Rfd1 Qb7 26. Rbc1 Nh5 27. Rc2 Bh6 28. Qe4 Rfd8 29. d4 R8d6 30. Rc5 Nf4 31. Rxd5 Qxd5 32. Qxd5 Nxd5 33. Nc1 Nc3 34. Re1 Bxc1 35. Rxc1 Ne2+ 0-1